Online katalóg knižníc regiónu Turca

Gábor Vlkolinský / (Record no. 21362)

MARC details
000 -LEADER
fixed length control field 01034nam a22003131i 4500
001 - CONTROL NUMBER
control field 21362
003 - CONTROL NUMBER IDENTIFIER
control field CZ PrNK
005 - DATE AND TIME OF LATEST TRANSACTION
control field 20260227153637.0
007 - PHYSICAL DESCRIPTION FIXED FIELD--GENERAL INFORMATION
fixed length control field ta
008 - FIXED-LENGTH DATA ELEMENTS--GENERAL INFORMATION
fixed length control field 020221s1954 xo 000 1 slo
020 ## - INTERNATIONAL STANDARD BOOK NUMBER
Qualifying information (Vázáno) :
Terms of availability Kčs 15,80
040 ## - CATALOGING SOURCE
Original cataloging agency ABA001
Language of cataloging cze
Transcribing agency ABA001
Modifying agency ABA001
Description conventions rda
080 ## - UNIVERSAL DECIMAL CLASSIFICATION NUMBER
Universal Decimal Classification number 885.4-13-821Hviezdoslav
Edition identifier undef
100 1# - MAIN ENTRY--PERSONAL NAME
Personal name Hviezdoslav, Pavol Országh,
Dates associated with a name 1849-1921
Relationship aut
245 10 - TITLE STATEMENT
Title Gábor Vlkolinský /
Statement of responsibility, etc. Hviezdoslav
250 ## - EDITION STATEMENT
Edition statement 5. vydanie
264 #1 - PRODUCTION, PUBLICATION, DISTRIBUTION, MANUFACTURE, AND COPYRIGHT NOTICE
Place of production, publication, distribution, manufacture Bratislava :
Name of producer, publisher, distributor, manufacturer Slovenské vydavateľstvo krásnej literatúry,
Date of production, publication, distribution, manufacture, or copyright notice 1954
300 ## - PHYSICAL DESCRIPTION
Extent 268 stran ;
Dimensions 21 cm
336 ## - CONTENT TYPE
Content type term text
Content type code txt
Source rdacontent
337 ## - MEDIA TYPE
Media type term bez média
Media type code n
Source rdamedia
338 ## - CARRIER TYPE
Carrier type term svazek
Carrier type code nc
Source rdacarrier
490 1# - SERIES STATEMENT
Series statement 6. sväzok edície Naši klasici
490 1# - SERIES STATEMENT
Series statement Spisy P.O. Hviezdoslava v dvanástich sväzkoch ;
Volume/sequential designation sväzok 6
500 ## - GENERAL NOTE
General note 5000 výtisků
800 1# - SERIES ADDED ENTRY--PERSONAL NAME
Personal name Hviezdoslav, Pavol Orszagh,
Dates associated with a name 1849-1921.
Title of a work Spisy v dvanástich sväzkoch
830 #0 - SERIES ADDED ENTRY--UNIFORM TITLE
Uniform title Naši klasici (SVKL)
910 ## - USER-OPTION DATA (OCLC)
User-option data ABA001
942 ## - ADDED ENTRY ELEMENTS (KOHA)
Source of classification or shelving scheme Dewey Decimal Classification
Koha item type Krásna literatúra pre dospelých
Suppress in OPAC No
Holdings
Stav vyradenia Strata Poškodenie Spôsob nadobudnutia Domovská knižnica Aktuálna knižnica Dátum nadobudnutia Total checkouts Čiarový kód exemplára Date last seen Typ exemplára
      Dar Obecná knižnica Horná Štubňa Obecná knižnica Horná Štubňa 27.02.2026   4736201527 27.02.2026 Krásna literatúra pre dospelých
Projekt je podporený Slovenskou asociáciou knižníc
Prevádzkuje Turčianska knižnica Martin 2026